000 00955nas a2200325 4500
001 BR9502641
003 BR-BrBNA
005 20231205094336.0
007 ta
008 230509b bl.|||p| |||| 00| 00por d
040 _aBR-BrBNA
_bpor
_cBiblioteca Nacional de Agricultura
041 _a(En)
072 _aQ04; Q03
100 1 _aOliveira, S.V.
100 1 _aSalvadori, D.M.F.
100 1 _aRios, A.C.C.
100 1 _aSales, M.C.
100 1 _aGodoy, H.T.
100 1 _aRibeiro, L.R.
245 1 _aAbsence of genotoxic effects of crude and refined red palm oil on mouse bone marrow cells
650 _aOleo Vegetal
650 _aDende
650 _aToxidez
650 _aAnimal de Laboratorio
650 _aCOmposicao Quimica
650 _aToxina
773 0 _tRevista Brasileira de Genetica (Brazil)
_xISSN 0100-8455
_g(Dec 1994), v. 17(4) p. 409-412
_wBR9502641
909 _a202311
_bLúcia
_c55
_dLúcia Elande
942 _2AGRIS
_n0
_cANA
999 _c143686
_d143686